| 000 | 00821nac a22002531u 4500 | ||
|---|---|---|---|
| 008 | 081123t1992 nyu|||||r|||| 001 0 eng d | ||
| 010 | _a91014984 | ||
| 020 | _a0071126236 | ||
| 020 | _a0070230544 | ||
| 020 | _a9780071126236 | ||
| 082 | 0 | 0 |
_a624.1821 _bGAY _222 |
| 100 |
_aGaylord, Edwin Henry. _918680 |
||
| 245 | 1 | 0 |
_aDesign of Steel Structures / _cEdwin H. Gaylord, Charles N. Gaylord |
| 250 | _a3rd ed. | ||
| 260 |
_aNew York : _bMcGraw-Hill, _cc1992. |
||
| 300 |
_axxi, 792 p. : _bill. ; _c25 cm. |
||
| 504 | _aIncludes bibliographical references and indexes. | ||
| 650 | 0 |
_aBuilding, Iron and steel. _918681 |
|
| 650 | 0 |
_aAluminum construction. _918682 |
|
| 700 | 1 |
_aGaylord, Charles N. _918683 |
|
| 700 | 1 |
_aStallmeyer, James E. _918684 |
|
| 740 | 0 | _aSteel structures. | |
| 942 |
_cBB _k624.1821GAY _2ddc |
||
| 999 |
_c980 _d980 |
||